000 00471nam a2200181Ia 4500
003 GCL
008 140319s9999 xx 000 0 eng d
040 _aGCL /
_cGCL
082 0 4 _a320.09
_bB C
100 1 _aBURNS, J. H.
245 1 0 _aTHE CAMBRIDGE HISTORY OF POLITICAL /
_cBURNS, J. H.
700 1 _aGOLDIE, MARK
260 _a[S.N] :
_bCAMBRIDGE UNIVERSITY PRESS ،
_c1990
300 _a789 P
650 0 4 _aHISTORY
650 0 4 _aPOLICY SCIENCES
942 _2ddc
_cBK
999 _c24497
_d24497